[Event "37th Nezhmetdinov Rapid"]
[Site "Kazan RUS"]
[Date "2015.05.29"]
[Round "2.2"]
[White "Vorobiov, Evgeny E."]
[Black "Fomin, Taras"]
[Result "1-0"]
[WhiteTitle "GM"]
[WhiteElo "2579"]
[BlackElo "2312"]
[WhiteFideId "4121341"]
[BlackFideId "4120604"]
[EventDate "2015.05.29"]

1. d4 d5 2. c4 dxc4 3. Nf3 Nf6 4. e3 e6 5. Bxc4 a6 6. O-O b5 7. Bb3 c5 8. a4 b4
9. e4 cxd4 10. e5 Nd5 11. Nbd2 Bb7 12. Nc4 Nd7 13. Bg5 Qb8 14. Qxd4 Bc5 15. Qg4
h6 16. Bd2 g5 17. Na5 Qc7 18. Nxb7 Qxb7 19. Rac1 Be7 20. Qd4 Rg8 21. Qe4 Rg6 22.
Nd4 Nc5 23. Rxc5 Bxc5 24. Nxe6 fxe6 25. Qxg6+ Qf7 26. Qxh6 O-O-O 27. Bxg5 Rd7
28. Bf6 Kb7 29. g3 Bd4 30. Qd2 Nxf6 31. Qxb4+ Ka7 32. exf6 Qxf6 33. Qc4 e5 34.
Bc2 Bb6 35. Bd3 Bd4 36. Be4 Rf7 37. Qd5 Qe7 38. a5 Rf8 39. Kg2 Rb8 40. b3 Rd8
41. Qc6 Qf7 42. f3 Be3 43. Rd1 1-0

[Event "37th Nezhmetdinov Rapid"]
[Site "Kazan RUS"]
[Date "2015.05.29"]
[Round "2.3"]
[White "Ospennikov, Dmitry V"]
[Black "Khismatullin, Denis"]
[Result "0-1"]
[WhiteTitle "FM"]
[BlackTitle "GM"]
[WhiteElo "2292"]
[BlackElo "2666"]
[WhiteFideId "4162960"]
[BlackFideId "4142578"]
[EventDate "2015.05.29"]

1. e4 c5 2. Nf3 d6 3. d4 cxd4 4. Nxd4 Nf6 5. Nc3 a6 6. Be2 Nbd7 7. O-O g6 8. Be3
Bg7 9. f4 O-O 10. Bf3 Re8 11. Nb3 Qc7 12. Qe2 e5 13. f5 b5 14. g4 b4 15. Nd5
Nxd5 16. exd5 e4 17. Bg2 Bxb2 18. Rad1 Ne5 19. Bxe4 a5 20. Qg2 Ba6 21. Rf4 Bc4
22. f6 Nd7 23. Nd4 Nc5 24. Nc6 Nxe4 25. Rxe4 Bxf6 26. Rxc4 Rxe3 27. Qf2 Bg5 28.
h4 Rae8 29. hxg5 Qb6 30. Nd4 R3e4 31. Rf1 Rxg4+ 32. Kh2 Qb7 33. Rc6 Rxg5 34.
Rxd6 Rxd5 35. Rxd5 Qxd5 36. Nf3 Re4 37. Re1 Rxe1 38. Nxe1 Qxa2 39. Qf6 Qc4 40.
Qe5 a4 41. Qe8+ Kg7 42. Qe5+ Kf8 43. Qd6+ Kg8 44. Qe5 a3 45. Nf3 Qxc2+ 46. Kg3
Qc3 47. Qe8+ Kg7 48. Kf2 a2 0-1

[Event "37th Nezhmetdinov Rapid"]
[Site "Kazan RUS"]
[Date "2015.05.29"]
[Round "2.4"]
[White "Timofeev, Artyom"]
[Black "Korchmar, Vasiliy"]
[Result "1-0"]
[WhiteTitle "GM"]
[BlackTitle "FM"]
[WhiteElo "2534"]
[BlackElo "2393"]
[WhiteFideId "4140419"]
[BlackFideId "24131750"]
[EventDate "2015.05.29"]

1. c4 e5 2. Nc3 Nc6 3. g3 Bc5 4. Bg2 d6 5. e3 Nf6 6. Nge2 a6 7. O-O O-O 8. d3
Ba7 9. h3 Ne7 10. Kh2 Ng6 11. b3 c6 12. d4 Qa5 13. d5 cxd5 14. Nxd5 Nxd5 15.
Bxd5 Kh8 16. Bg2 Bc5 17. Bd2 Qd8 18. b4 Ba7 19. Nc3 f5 20. Nd5 Be6 21. Rc1 Rc8
22. Qe2 Qd7 23. Bc3 Qf7 24. f4 b5 25. fxe5 Nxe5 26. Bxe5 dxe5 27. e4 bxc4 28.
Rxc4 Bxd5 29. exd5 Rxc4 30. Qxc4 Qg6 31. Be4 h6 32. Rxf5 Qe8 33. Qc6 Qb8 34. Qg6
Rxf5 35. Qxf5 Kg8 36. Qe6+ Kh8 37. d6 Qf8 38. h4 Bb8 39. d7 Bc7 40. Kh3 Qf1+ 41.
Bg2 Qf8 42. a3 a5 43. Qe8 1-0

[Event "37th Nezhmetdinov Rapid"]
[Site "Kazan RUS"]
[Date "2015.05.29"]
[Round "2.5"]
[White "Hasanov, Marat"]
[Black "Bocharov, Dmitry"]
[Result "0-1"]
[BlackTitle "GM"]
[WhiteElo "2296"]
[BlackElo "2577"]
[WhiteFideId "4112490"]
[BlackFideId "4138716"]
[EventDate "2015.05.29"]

1. e4 c5 2. Nc3 Nc6 3. g3 g6 4. Bg2 Bg7 5. d3 d6 6. f4 e6 7. Nf3 Nge7 8. O-O Rb8
9. Be3 Nd4 10. e5 Nef5 11. Bf2 O-O 12. Ne4 Nxf3+ 13. Bxf3 dxe5 14. Bxc5 exf4 15.
c3 fxg3 16. hxg3 Re8 17. Bxa7 Ra8 18. Bf2 e5 19. Qe2 h5 20. Kg2 Nh6 21. c4 f5
22. Nc3 e4 23. dxe4 Bxc3 24. bxc3 fxe4 25. Bxh5 gxh5 26. Qxh5 Ra6 27. Rad1 Bg4
28. Rxd8 Bxh5 29. Rxe8+ Bxe8 30. Bc5 Rxa2+ 31. Kh3 Bd7+ 32. Kh4 Nf5+ 33. Kg5 Ra5
34. Rxf5 Bxf5 35. Bb4 e3 0-1

[Event "37th Nezhmetdinov Rapid"]
[Site "Kazan RUS"]
[Date "2015.05.29"]
[Round "2.6"]
[White "Goganov, Aleksey"]
[Black "Mishuchkov, Nikolai M."]
[Result "1/2-1/2"]
[WhiteTitle "GM"]
[BlackTitle "IM"]
[WhiteElo "2609"]
[BlackElo "2321"]
[WhiteFideId "24109959"]
[BlackFideId "4102401"]
[EventDate "2015.05.29"]

1. d4 Nf6 2. c4 e6 3. Nf3 Bb4+ 4. Bd2 Bxd2+ 5. Qxd2 O-O 6. Nc3 d5 7. e3 Qe7 8.
Rc1 Rd8 9. cxd5 exd5 10. Bd3 Nc6 11. O-O Bg4 12. a3 Ne4 13. Bxe4 dxe4 14. Ne1
Rd6 15. f3 Bf5 16. fxe4 Bxe4 17. Rf4 Bg6 18. Nf3 Rad8 19. Qf2 Rf6 20. Nh4 Rxf4
21. Qxf4 Rd6 22. b4 a6 23. h3 Nd8 24. Nxg6 hxg6 25. Ne4 Rc6 26. Rxc6 Nxc6 27.
Nc5 Nd8 28. Qe4 Qxe4 29. Nxe4 b6 30. Kf2 f6 31. Nc3 Kf7 32. e4 Ke6 33. Ke3 Kd6
34. g4 g5 35. b5 axb5 36. Nxb5+ Kd7 37. d5 c6 38. Nd4 cxd5 39. exd5 g6 40. Nb5
Nf7 41. Kd4 Ne5 42. Ke4 Nc4 43. Kd4 Ne5 44. Ke4 Nc4 45. Kd4 1/2-1/2

[Event "37th Nezhmetdinov Rapid"]
[Site "Kazan RUS"]
[Date "2015.05.29"]
[Round "2.7"]
[White "Shaydullina, Sandugach"]
[Black "Andriasian, Zaven"]
[Result "1/2-1/2"]
[WhiteTitle "WGM"]
[BlackTitle "GM"]
[WhiteElo "2123"]
[BlackElo "2600"]
[WhiteFideId "4140389"]
[BlackFideId "13302000"]
[EventDate "2015.05.29"]

1. d4 Nf6 2. c4 c5 3. d5 e6 4. Nc3 exd5 5. cxd5 g6 6. e4 d6 7. h3 Bg7 8. Nf3 O-O
9. Bd3 a6 10. a4 Re8 11. O-O Nbd7 12. Bf4 Qe7 13. Re1 Nh5 14. Bh2 Ne5 15. Be2
Nd7 16. Nd2 Nhf6 17. Nc4 Ne5 18. Nb6 Rb8 19. f4 Ned7 20. Nxc8 Rbxc8 21. Bf3 Nf8
22. e5 N6d7 23. e6 Nb6 24. Qb3 Na8 25. f5 gxf5 26. exf7+ Qxf7 27. Bxd6 Bd4+ 28.
Kh1 Ng6 29. Bh5 Qg7 30. Bh2 Kh8 31. Qc2 Rf8 32. d6 Nb6 33. Rad1 f4 34. Bxg6 Qxg6
35. Qxg6 hxg6 36. Re7 Rcd8 37. Ne4 Nc4 38. Rxb7 Nxd6 39. Nxd6 Rxd6 40. b4 g5 41.
Bg1 Rfd8 1/2-1/2

[Event "37th Nezhmetdinov Rapid"]
[Site "Kazan RUS"]
[Date "2015.05.29"]
[Round "2.8"]
[White "Danin, Alexandre"]
[Black "Murtazin, Bulat"]
[Result "1-0"]
[WhiteTitle "GM"]
[BlackTitle "FM"]
[WhiteElo "2575"]
[BlackElo "2342"]
[WhiteFideId "4144031"]
[BlackFideId "24151351"]
[EventDate "2015.05.29"]

1. e4 e5 2. Nf3 Nc6 3. d4 exd4 4. Nxd4 Bc5 5. Nxc6 Qf6 6. Qf3 bxc6 7. Nd2 d6 8.
Nb3 Bb6 9. Bd2 a5 10. a4 Qxf3 11. gxf3 Ne7 12. Rg1 Ng6 13. Be3 f5 14. Bxb6 cxb6
15. O-O-O Ke7 16. Nd4 fxe4 17. Nxc6+ Kd7 18. Bb5 Kc7 19. fxe4 Rf8 20. h4 Rf7 21.
Rg3 Nxh4 22. e5 d5 23. Rxd5 Bd7 24. Rc3 Bxc6 25. Bxc6 1-0

[Event "37th Nezhmetdinov Rapid"]
[Site "Kazan RUS"]
[Date "2015.05.29"]
[Round "2.9"]
[White "Severina, Maria"]
[Black "Hovhannisyan, Robert"]
[Result "0-1"]
[WhiteTitle "WIM"]
[BlackTitle "GM"]
[WhiteElo "2212"]
[BlackElo "2599"]
[WhiteFideId "4116909"]
[BlackFideId "13302507"]
[EventDate "2015.05.29"]

1. Nf3 d5 2. c4 c6 3. d4 Nf6 4. Nc3 e6 5. e3 Nbd7 6. Bd3 dxc4 7. Bxc4 b5 8. Bd3
Bd6 9. O-O O-O 10. Qc2 Bb7 11. Ng5 Bxh2+ 12. Kxh2 Ng4+ 13. Kg1 Qxg5 14. f3 Ngf6
15. e4 Qh4 16. Be3 Nh5 17. Ne2 e5 18. Rac1 h6 19. b4 a5 20. a3 axb4 21. axb4
Rfd8 22. Rfd1 Nf4 23. Nxf4 exf4 24. Bf2 Qe7 25. Qd2 Nf8 26. Qxf4 Qxb4 27. d5
Rxd5 28. Qg4 Rg5 29. Qf4 Ne6 30. Qe3 Ra2 31. Bf1 Qe7 32. Qb3 Ra3 33. Qb2 Rxf3
34. Bh4 Rf4 35. Bxg5 Nxg5 36. e5 Rg4 37. Qe2 Re4 38. Qf2 Rxe5 39. Bd3 c5 40. Re1
c4 41. Bb1 Rxe1+ 42. Rxe1 Ne6 43. Qf5 g6 44. Qxb5 c3 45. Qe2 Qc5+ 46. Qf2 Qg5
47. Ba2 Nf4 48. Kh2 Qh5+ 49. Kg1 Qg5 50. Kh2 Bxg2 51. Qg3 Qh5+ 52. Kg1 Bc6 53.
Bxf7+ Kg7 54. Qxf4 Qh1+ 55. Kf2 Qg2+ 56. Ke3 Qd2# 0-1

[Event "37th Nezhmetdinov Rapid"]
[Site "Kazan RUS"]
[Date "2015.05.29"]
[Round "2.10"]
[White "Fakhrutdinov, Timur"]
[Black "Lintchevski, Daniil"]
[Result "0-1"]
[WhiteTitle "FM"]
[BlackTitle "GM"]
[WhiteElo "2337"]
[BlackElo "2554"]
[WhiteFideId "24176702"]
[BlackFideId "4171055"]
[EventDate "2015.05.29"]

1. e4 c6 2. d4 d5 3. Nc3 dxe4 4. Nxe4 Bf5 5. Ng3 Bg6 6. h4 h6 7. Nf3 e6 8. h5
Bh7 9. Bd3 Bxd3 10. Qxd3 Nf6 11. Bd2 Be7 12. O-O-O O-O 13. Kb1 c5 14. Ne4 Nbd7
15. Nxf6+ Nxf6 16. Be3 Qb6 17. Ne5 Rad8 18. g4 Nd5 19. dxc5 Bxc5 20. Bxc5 Qxc5
21. c4 Qc7 22. Qe2 Nb4 23. f3 a5 24. a3 Nc6 25. Nxc6 Qxc6 26. b3 a4 27. b4 Rfe8
28. Kb2 e5 29. Qe4 Qf6 30. Rd5 Rxd5 31. cxd5 Qb6 32. Re1 f6 33. Re2 Rd8 34. Rc2
Qb5 35. Rc5 Qd7 36. Qc4 Kf8 37. Qb5 Qe7 38. Qxa4 e4 39. fxe4 Qxe4 40. Qc2 Qxg4
41. Rc7 Qd4+ 42. Qc3 Qxd5 43. Qg3 Qd2+ 44. Rc2 Qd4+ 45. Qc3 Qd5 46. Qh3 Rd7 47.
Qg4 Rd8 48. Qh3 Kg8 49. Qg4 b5 50. Qg6 Qe5+ 51. Kb3 Qe6+ 52. Kb2 Qe5+ 53. Kb3
Qg5 54. Qe4 Qd5+ 55. Qxd5+ Rxd5 56. Rc5 Rg5 57. Rxg5 hxg5 58. a4 bxa4+ 59. Kxa4
g4 60. b5 g3 61. b6 g2 62. b7 g1=Q 63. b8=Q+ Kh7 64. Qe8 Qg5 65. Kb4 Qf5 66. Kc4
Kh6 67. Qh8+ Qh7 68. Qe8 Qc2+ 69. Kb4 Qd2+ 70. Ka3 Qd6+ 71. Ka2 Qd5+ 72. Kb1
Qxh5 73. Qh8+ Kg5 0-1

[Event "37th Nezhmetdinov Rapid"]
[Site "Kazan RUS"]
[Date "2015.05.29"]
[Round "3.6"]
[White "Isajevsky, Anton"]
[Black "Danin, Alexandre"]
[Result "1-0"]
[WhiteTitle "FM"]
[BlackTitle "GM"]
[WhiteElo "2403"]
[BlackElo "2575"]
[WhiteFideId "4142500"]
[BlackFideId "4144031"]
[EventDate "2015.05.29"]

1. c4 Nf6 2. Nc3 d5 3. cxd5 Nxd5 4. Nf3 c5 5. g3 Nc6 6. Bg2 Nc7 7. Qa4 Bd7 8.
Qe4 g6 9. Ne5 Bg7 10. Nxd7 Qxd7 11. d3 Rc8 12. Be3 Ne6 13. O-O Ned4 14. Rac1 b6
15. Bxd4 Nxd4 16. e3 Nc6 17. d4 cxd4 18. Nb5 a6 19. Qxc6 Rxc6 20. Bxc6 axb5 21.
exd4 Bxd4 22. Rfd1 e5 23. Rc2 Ke7 24. Bxd7 Kxd7 25. Kf1 h5 26. Rd3 Ra8 27. a3 b4
28. axb4 Ra4 29. Rb3 f6 30. Ke2 Ra1 31. h4 Rh1 32. b5 Bc5 33. Rd3+ Ke6 34. b4
Bxb4 35. Rc6+ Kf5 36. Rf3+ Kg4 37. Rc4+ 1-0

[Event "37th Nezhmetdinov Rapid"]
[Site "Kazan RUS"]
[Date "2015.05.29"]
[Round "3.9"]
[White "Shahinyan, David"]
[Black "Rychagov, Andrey"]
[Result "1/2-1/2"]
[WhiteTitle "FM"]
[BlackTitle "GM"]
[WhiteElo "2436"]
[BlackElo "2561"]
[WhiteFideId "13304380"]
[BlackFideId "4119932"]
[EventDate "2015.05.29"]

1. c4 e6 2. Nf3 d5 3. g3 Nf6 4. Bg2 Be7 5. O-O O-O 6. d4 dxc4 7. Qa4 a6 8. Qxc4
b5 9. Qc2 Bb7 10. Bd2 Be4 11. Qc1 Bb7 12. Qc2 Be4 13. Qc1 Bb7 14. a3 Qc8 15. b4
Nbd7 16. Bf4 a5 17. bxa5 c5 18. Bd2 Ne4 19. Nc3 Nxd2 20. Qxd2 cxd4 21. Nxd4 Bxg2
22. Kxg2 b4 23. axb4 Bxb4 24. Rfc1 Bxa5 25. Nf3 Nf6 26. Qe3 Bxc3 27. Rxa8 Qxa8
28. Qxc3 1/2-1/2

[Event "37th Nezhmetdinov Rapid"]
[Site "Kazan RUS"]
[Date "2015.05.29"]
[Round "3.4"]
[White "Smirnov, Alexey"]
[Black "Timofeev, Artyom"]
[Result "1/2-1/2"]
[BlackTitle "GM"]
[WhiteElo "2453"]
[BlackElo "2534"]
[WhiteFideId "4168437"]
[BlackFideId "4140419"]
[EventDate "2015.05.29"]

1. d4 Nf6 2. c4 g6 3. Nf3 Bg7 4. Nc3 d5 5. Bf4 O-O 6. Rc1 Be6 7. e3 dxc4 8. Ng5
Bd5 9. e4 h6 10. exd5 hxg5 11. Bxg5 Nxd5 12. Bxc4 Nb6 13. Bb3 Nc6 14. Ne2 a5 15.
a4 Rc8 16. O-O Nxd4 17. Nxd4 Qxd4 18. Bxe7 Qxd1 19. Rfxd1 Bxb2 20. Rc5 Rfe8 21.
Bg5 Re5 22. Rxe5 Bxe5 23. Be3 c5 24. f4 Bd4 25. Bxd4 cxd4 26. Rxd4 Rc3 27. Bd1
Rc4 28. Rxc4 Nxc4 29. Bf3 Nb2 30. Bxb7 Nxa4 31. Kf2 Nc5 32. Bd5 a4 33. Ke3 a3
34. Kd2 Ne6 35. g3 g5 36. fxg5 Nxg5 37. Kc3 Kg7 38. Kb3 f5 39. Kxa3 f4 40. gxf4
Nh3 41. f5 Kf6 42. Be6 Ng5 43. Bc8 Nf3 44. h3 Nh4 45. Kb4 Ke5 1/2-1/2

[Event "37th Nezhmetdinov Rapid"]
[Site "Kazan RUS"]
[Date "2015.05.29"]
[Round "3.10"]
[White "Geller, Jakov"]
[Black "Sharafiev, Azat"]
[Result "0-1"]
[WhiteTitle "GM"]
[BlackTitle "IM"]
[WhiteElo "2474"]
[BlackElo "2415"]
[WhiteFideId "4151984"]
[BlackFideId "4186214"]
[EventDate "2015.05.29"]

1. e4 e5 2. Nf3 Nc6 3. Bb5 Nf6 4. d3 Bc5 5. c3 d6 6. h3 Bd7 7. O-O O-O 8. Ba4
Ne7 9. Bc2 Bb6 10. Nbd2 c6 11. d4 Ng6 12. Re1 Re8 13. Nc4 Bc7 14. Bg5 exd4 0-1

[Event "37th Nezhmetdinov Rapid"]
[Site "Kazan RUS"]
[Date "2015.05.29"]
[Round "3.7"]
[White "Hovhannisyan, Robert"]
[Black "Yandemirov, Valeri"]
[Result "1/2-1/2"]
[WhiteTitle "GM"]
[BlackTitle "GM"]
[WhiteElo "2599"]
[BlackElo "2394"]
[WhiteFideId "13302507"]
[BlackFideId "4102622"]
[EventDate "2015.05.29"]

1. e4 e5 2. Nf3 Nc6 3. Nc3 Nf6 4. d4 Bb4 5. Nxe5 Bxc3+ 6. bxc3 Qe7 7. Nxc6 Qxe4+
8. Be2 Qxc6 9. O-O Qxc3 10. Rb1 O-O 11. d5 Qe5 12. d6 Qxd6 13. Qxd6 cxd6 14. Bf3
d5 15. Bb2 b6 16. Bxf6 gxf6 17. Bxd5 Rb8 18. Rb4 Bb7 19. Rd1 Bxd5 20. Rxd5 Rbc8
21. Rg4+ Kh8 22. c4 Rc5 23. Rd1 Rfc8 24. g3 Rxc4 25. Rxc4 Rxc4 26. Rxd7 Ra4 27.
Rxf7 Rxa2 28. Rxf6 Rb2 29. Rf7 a5 30. Ra7 Rb4 31. Kg2 a4 32. f4 b5 33. Kh3 Rc4
34. Kg4 Rc8 35. Kf5 Rb8 36. Ke5 h5 37. Kf6 b4 38. Rxa4 b3 39. Ra1 b2 40. Rb1 Kh7
41. Ke5 h4 42. g4 Kg6 43. h3 Rb4 44. Kd5 Rxf4 45. Rxb2 Rf3 46. Rh2 Kg5 47. Ke4
Ra3 48. Rh1 Rb3 49. Ke5 Re3+ 50. Kd4 Ra3 51. Ke4 1/2-1/2

[Event "37th Nezhmetdinov Rapid"]
[Site "Kazan RUS"]
[Date "2015.05.29"]
[Round "3.8"]
[White "Lintchevski, Daniil"]
[Black "Alavkin, Arseny"]
[Result "1/2-1/2"]
[WhiteTitle "GM"]
[BlackTitle "GM"]
[WhiteElo "2554"]
[BlackElo "2381"]
[WhiteFideId "4171055"]
[BlackFideId "4120612"]
[EventDate "2015.05.29"]

1. Nf3 d5 2. d4 Nf6 3. c4 dxc4 4. e3 e6 5. Bxc4 c5 6. O-O a6 7. dxc5 Qxd1 8.
Rxd1 Bxc5 9. Be2 Nc6 10. b3 Ke7 11. Bb2 Rd8 12. Nbd2 b6 13. Ne1 Bb7 14. Nd3 Bd6
15. Nc4 Bc7 16. Ba3+ Ke8 17. Ne1 Nd5 18. Bf3 b5 19. Bxd5 Rxd5 20. Rxd5 exd5 21.
Nd6+ Bxd6 22. Bxd6 Rd8 23. Bc5 d4 24. f3 dxe3 25. Bxe3 Rd5 26. Rc1 Nb4 27. Rc7
Rd7 28. Rxd7 Kxd7 29. a3 Nd5 30. Kf2 Kd6 31. Nd3 g6 32. Bc5+ Ke6 33. Bd4 Bc8 34.
b4 Kd6 35. Bc5+ Kc7 36. Bd4 Kd6 37. g3 h5 38. Ke2 Bf5 39. Nc5 Bc8 40. Kd2 Kc6
41. Nd3 Kd6 42. Bc5+ Ke6 43. Bd4 Kd6 44. Bf2 Bf5 45. Nc5 Nb6 46. Nb7+ Kc7 47.
Na5 Nc4+ 48. Nxc4 bxc4 49. Kc3 Bd3 50. a4 Kc6 51. f4 Be2 52. Be1 Bd1 53. Kxc4
Bxa4 54. Kd4 Kd6 55. f5 gxf5 56. Bd2 Ke6 57. Bf4 Bb5 58. h4 Be2 59. Kc5 Bf1 60.
Kc6 Be2 61. Kc5 Bf1 1/2-1/2

[Event "37th Nezhmetdinov Rapid"]
[Site "Kazan RUS"]
[Date "2015.05.29"]
[Round "3.3"]
[White "Khismatullin, Denis"]
[Black "Kabanov, Nikolai"]
[Result "0-1"]
[WhiteTitle "GM"]
[BlackTitle "GM"]
[WhiteElo "2666"]
[BlackElo "2489"]
[WhiteFideId "4142578"]
[BlackFideId "4127820"]
[EventDate "2015.05.29"]

1. d4 Nf6 2. c4 g6 3. f3 Bg7 4. e4 d6 5. Ne2 O-O 6. Be3 a6 7. Nbc3 Nc6 8. Qd2
Na5 9. Nc1 Nd7 10. Rb1 c5 11. d5 Ne5 12. b3 e6 13. Be2 exd5 14. cxd5 b5 15. O-O
Bd7 16. Bh6 Bxh6 17. Qxh6 b4 18. Nd1 c4 19. f4 Ng4 20. Bxg4 Bxg4 21. f5 Kh8 22.
Ne3 Bh5 23. g4 Rg8 24. Ne2 Bxg4 25. Ng3 gxf5 26. bxc4 Qe7 27. Kh1 fxe4 28. Rxb4
Bf3+ 29. Kg1 Rg6 30. Qf4 Rag8 31. Nf5 Qf6 32. Rxf3 exf3 33. Qxf3 Qe5 34. Kg2 Rg4
35. Rb2 Qxb2+ 0-1

[Event "37th Nezhmetdinov Rapid"]
[Site "Kazan RUS"]
[Date "2015.05.29"]
[Round "3.5"]
[White "Bocharov, Dmitry"]
[Black "Kalegin, Evgenij"]
[Result "1-0"]
[WhiteTitle "GM"]
[BlackTitle "IM"]
[WhiteElo "2577"]
[BlackElo "2460"]
[WhiteFideId "4138716"]
[BlackFideId "4103416"]
[EventDate "2015.05.29"]

1. d4 Nf6 2. c4 g6 3. g3 Bg7 4. Bg2 O-O 5. Nc3 d6 6. Nf3 Nbd7 7. O-O e5 8. e4 a6
9. Qc2 Rb8 10. Rd1 exd4 11. Nxd4 c5 12. Nde2 Ne5 13. b3 Qe7 14. Bg5 Be6 15. Nf4
Qc7 16. Rd2 Nc6 17. Nfe2 Ne8 18. Rad1 b5 19. Nd5 Qa7 20. Be3 bxc4 21. Qxc4 Nc7
22. Nef4 Nxd5 23. Nxd5 Nb4 24. Bf4 Rfd8 25. h3 Nxd5 26. exd5 Bf5 27. Re2 Rb4 28.
Qc1 h5 29. Rde1 c4 30. Bh6 cxb3 31. axb3 Qd4 32. Bxg7 Kxg7 33. Re3 Rc8 34. Qa3
Rb6 35. Bf1 Rc2 36. Rf3 Rb2 37. Bc4 Bxh3 38. Qa1 Rd2 39. Qa5 Rd1 40. Re3 Rxe1+
41. Qxe1 Rb8 42. Re4 Qf6 43. Qe3 a5 44. Qa7 Qf3 45. Qd4+ Kg8 46. Bf1 Bxf1 47.
Kxf1 Qh1+ 48. Ke2 Qb1 49. Re3 Rc8 50. Kf3 Qh1+ 51. Kf4 Qh3 52. Kf3 h4 53. Qxh4
Qxh4 54. gxh4 Rc5 55. Rd3 Kg7 56. Ke4 Rb5 57. Kf4 Rb4+ 58. Kg3 f5 59. f4 Kh6 60.
Re3 Rd4 61. Re8 Rxd5 62. Rh8+ Kg7 63. Rb8 Rd3+ 64. Kf2 Rh3 65. Rb5 Rxh4 66. Kg3
Rg4+ 67. Kf3 g5 1-0

[Event "37th Nezhmetdinov Rapid"]
[Site "Kazan RUS"]
[Date "2015.05.29"]
[Round "3.2"]
[White "Iljin, Artem"]
[Black "Vorobiov, Evgeny E."]
[Result "1/2-1/2"]
[WhiteTitle "GM"]
[BlackTitle "GM"]
[WhiteElo "2537"]
[BlackElo "2579"]
[WhiteFideId "4156021"]
[BlackFideId "4121341"]
[EventDate "2015.05.29"]

1. Nf3 g6 2. d4 Nf6 3. Bg5 Bg7 4. c3 O-O 5. Nbd2 d6 6. e4 Qe8 7. Bd3 e5 8. O-O
h6 9. Bh4 Nh5 10. Re1 Nc6 11. dxe5 dxe5 12. Bf1 Bg4 13. Qb3 Rb8 14. Re3 a6 15.
Rae1 Kh7 16. Be2 Nf4 17. Bf1 f6 18. Bg3 Nh5 19. a4 Qe7 20. Nc4 Rfd8 21. Qc2 Be6
22. Nfd2 b5 23. axb5 axb5 24. Na3 Nxg3 25. hxg3 b4 26. Nac4 bxc3 27. bxc3 h5 28.
Rd1 Bh6 29. Ree1 Rd7 30. Ne3 Bxe3 31. Rxe3 Rbd8 32. Ree1 Qc5 33. Nf3 Rxd1 34.
Rxd1 Rxd1 35. Qxd1 Qxc3 36. Qa4 Bg4 37. Bc4 Nd4 38. Nxd4 Qxd4 39. Qc6 Qd6 40.
Qe8 Qd7 41. Qg8+ Kh6 42. Qh8+ Kg5 43. Bd5 c6 44. f4+ exf4 45. gxf4+ Kxf4 46.
Qxf6+ Ke3 47. Qc3+ Kf4 48. Qf6+ Ke3 49. Bxc6 Qd4 50. Qxd4+ Kxd4 51. Be8 g5 52.
Bg6 h4 53. Kf2 Bd7 54. Bf5 Bxf5 55. exf5 Ke5 56. g4 hxg3+ 57. Kxg3 1/2-1/2

[Event "37th Nezhmetdinov Rapid"]
[Site "Kazan RUS"]
[Date "2015.05.29"]
[Round "4.2"]
[White "Sharafiev, Azat"]
[Black "Bocharov, Dmitry"]
[Result "0-1"]
[WhiteTitle "IM"]
[BlackTitle "GM"]
[WhiteElo "2415"]
[BlackElo "2577"]
[WhiteFideId "4186214"]
[BlackFideId "4138716"]
[EventDate "2015.05.29"]

1. d4 Nf6 2. Nf3 e6 3. c4 b6 4. g3 Ba6 5. Qb3 Nc6 6. Nbd2 Bb7 7. e4 d5 8. cxd5
exd5 9. e5 Ne4 10. Bd3 f5 11. exf6 Nxf6 12. O-O Be7 13. Ne5 Nxe5 14. dxe5 Nd7
15. Qc2 Nxe5 16. Bxh7 Qd6 17. Re1 g6 18. Rxe5 Qxe5 19. Nf3 Qf6 20. Bxg6+ Kf8 21.
Bg5 Qxf3 22. Bxe7+ Kg7 23. Qxc7 d4 24. Bh4+ Kg8 25. Kf1 Ba6+ 26. Kg1 Bb7 27. Kf1
Rf8 28. Qc4+ Kg7 29. Qxd4+ Kxg6 30. Qd6+ Kh7 31. Qc7+ Rf7 32. Qc2+ Be4 0-1

[Event "37th Nezhmetdinov Rapid"]
[Site "Kazan RUS"]
[Date "2015.05.29"]
[Round "4.3"]
[White "Vorobiov, Evgeny E."]
[Black "Isajevsky, Anton"]
[Result "1-0"]
[WhiteTitle "GM"]
[BlackTitle "FM"]
[WhiteElo "2579"]
[BlackElo "2403"]
[WhiteFideId "4121341"]
[BlackFideId "4142500"]
[EventDate "2015.05.29"]

1. e4 c5 2. Nf3 d6 3. d4 cxd4 4. Nxd4 Nf6 5. Nc3 a6 6. Be3 e5 7. Nb3 Be6 8. f3
Nbd7 9. g4 b5 10. g5 b4 11. Ne2 Nh5 12. Qd2 Be7 13. Ng3 Nxg3 14. hxg3 a5 15. f4
Nc5 16. Bb5+ Bd7 17. Bxd7+ Nxd7 18. Qd5 a4 19. Nd2 Qa5 20. Qxa5 Rxa5 21. Nc4 Ra6
22. Rd1 Rc6 23. b3 O-O 24. Ke2 f6 25. gxf6 Nxf6 26. Kf3 g5 27. fxe5 Nd5+ 28. Bf4
Nxf4 29. gxf4 Rxf4+ 30. Ke3 dxe5 31. Rd7 Re6 32. bxa4 Bc5+ 33. Kd3 h6 34. Rd5
Bd4 35. Nd6 Rf3+ 36. Kc4 g4 37. Nf5 Rc6+ 38. Kb5 Rxc2 39. Rxh6 b3 40. Rd8+ Kf7
41. Rd7+ Ke8 42. Re7+ 1-0

[Event "37th Nezhmetdinov Rapid"]
[Site "Kazan RUS"]
[Date "2015.05.29"]
[Round "4.4"]
[White "Timofeev, Artyom"]
[Black "Iljin, Artem"]
[Result "1/2-1/2"]
[WhiteTitle "GM"]
[BlackTitle "GM"]
[WhiteElo "2534"]
[BlackElo "2537"]
[WhiteFideId "4140419"]
[BlackFideId "4156021"]
[EventDate "2015.05.29"]

1. c4 Nf6 2. Nc3 e6 3. e4 c5 4. Nf3 Nc6 5. Be2 b6 6. d4 cxd4 7. Nxd4 Bb7 8. O-O
Bc5 9. Nc2 Be7 10. f4 d6 11. Be3 O-O 12. Rc1 a6 13. Kh1 Rc8 14. Bd3 Nd7 15. b4
Re8 16. a3 1/2-1/2

[Event "37th Nezhmetdinov Rapid"]
[Site "Kazan RUS"]
[Date "2015.05.29"]
[Round "4.5"]
[White "Goganov, Aleksey"]
[Black "Smirnov, Alexey"]
[Result "1-0"]
[WhiteTitle "GM"]
[WhiteElo "2609"]
[BlackElo "2453"]
[WhiteFideId "24109959"]
[BlackFideId "4168437"]
[EventDate "2015.05.29"]

1. Nf3 Nf6 2. c4 e6 3. g3 d5 4. Bg2 dxc4 5. Qa4+ Nbd7 6. Qxc4 a6 7. Qc2 Bd6 8.
O-O O-O 9. Nc3 e5 10. d4 Re8 11. Rd1 Qe7 12. Bg5 exd4 13. Nxd4 Qf8 14. Nf5 Be5
15. Rac1 h6 16. Be3 Ng4 17. Bd4 g6 18. Bxe5 Ndxe5 19. Nd4 Nf6 20. Na4 c6 21. h3
Be6 22. Nxe6 Rxe6 23. Nc5 Re7 24. f4 Ned7 25. Nxb7 Rae8 26. Bf3 Nd5 27. Qxc6 1-0

[Event "37th Nezhmetdinov Rapid"]
[Site "Kazan RUS"]
[Date "2015.05.29"]
[Round "4.6"]
[White "Yandemirov, Valeri"]
[Black "Andriasian, Zaven"]
[Result "1/2-1/2"]
[WhiteTitle "GM"]
[BlackTitle "GM"]
[WhiteElo "2394"]
[BlackElo "2600"]
[WhiteFideId "4102622"]
[BlackFideId "13302000"]
[EventDate "2015.05.29"]

1. Nf3 d5 2. g3 Nf6 3. Bg2 c6 4. O-O Bg4 5. d4 Nbd7 6. Nbd2 g6 7. c4 Bg7 8. b3
O-O 9. Bb2 Rc8 10. Re1 Re8 11. Ne5 Nxe5 12. dxe5 Nd7 13. cxd5 cxd5 14. Bxd5 Nxe5
15. Nc4 Nxc4 16. Bxg7 Nb6 17. Bxb7 Qxd1 18. Raxd1 Rc7 19. Bf3 Bxf3 20. Be5 Bxe2 1/2-1/2